A longitudinal study of the intergenerational transmission of religion /

Se examina la transmisión intergeneracional en triadas abuelos/padres/hijos de tres dimensiones de la religiosidad entre 1971 y 2000. Los resultados muestran que en 1971 los abuelos ejercían una influencia fuerte en la participación de sus nietos en los cultos y en su religiosidad, pero esta influen...

Descrición completa

Gardado en:
Detalles Bibliográficos
Autor Principal: Bengtson, Vern L.
Outros autores: Copen, Casey E., Putney, Norella M., Silverstein, Merril
Formato: Texto
Materias:
Etiquetas: Engadir etiqueta
Sen Etiquetas, Sexa o primeiro en etiquetar este rexistro!

MARC

LEADER 00000 a a2200000 04500
001 8867
003
040
100 |a Bengtson, Vern L.  
245 |a A longitudinal study of the intergenerational transmission of religion /  |c Vern L. Bengtson ; Casey E. Copen ; Norella M. Putney ; Merril Silverstein 
520 |a Se examina la transmisión intergeneracional en triadas abuelos/padres/hijos de tres dimensiones de la religiosidad entre 1971 y 2000. Los resultados muestran que en 1971 los abuelos ejercían una influencia fuerte en la participación de sus nietos en los cultos y en su religiosidad, pero esta influencia se ha debilitado hasta el 2000. Una evolución inversa se ha producido en lo referente a la transmisión de creencias religiosas conservadoras  
650 |a RELIGION  
650 |a FAMILIA  
650 |a SOCIALIZACION  
650 |a GENERACIONES  
650 |a PRACTICA RELIGIOSA  
650 |a ESTADOS UNIDOS  
700 |a Copen, Casey E.  
700 |a Putney, Norella M.  
700 |a Silverstein, Merril  
773 |g volumen 24, número 3; páginas 325-345  
999 |c 35760  |d 35760